<?xml version="1.0" encoding="UTF-8"?><?xml-stylesheet type="text/xsl" href="static/style.xsl"?><OAI-PMH xmlns="http://www.openarchives.org/OAI/2.0/" xmlns:xsi="http://www.w3.org/2001/XMLSchema-instance" xsi:schemaLocation="http://www.openarchives.org/OAI/2.0/ http://www.openarchives.org/OAI/2.0/OAI-PMH.xsd"><responseDate>2026-06-29T02:43:22Z</responseDate><request verb="GetRecord" identifier="oai:docta.ucm.es:20.500.14352/114083" metadataPrefix="marc">https://docta.ucm.es/rest/oai/request</request><GetRecord><record><header><identifier>oai:docta.ucm.es:20.500.14352/114083</identifier><datestamp>2025-01-14T01:05:33Z</datestamp><setSpec>com_20.500.14352_14</setSpec><setSpec>col_20.500.14352_21</setSpec></header><metadata><record xmlns="http://www.loc.gov/MARC21/slim" xmlns:dcterms="http://purl.org/dc/terms/" xmlns:xsi="http://www.w3.org/2001/XMLSchema-instance" xmlns:doc="http://www.lyncode.com/xoai" xsi:schemaLocation="http://www.loc.gov/MARC21/slim http://www.loc.gov/standards/marcxml/schema/MARC21slim.xsd">
   <leader>00925njm 22002777a 4500</leader>
   <datafield ind2=" " ind1=" " tag="042">
      <subfield code="a">dc</subfield>
   </datafield>
   <datafield ind2=" " ind1=" " tag="720">
      <subfield code="a">Hernández Martínez, David</subfield>
      <subfield code="e">author</subfield>
   </datafield>
   <datafield ind2=" " ind1=" " tag="260">
      <subfield code="c">2024</subfield>
   </datafield>
   <datafield ind2=" " ind1=" " tag="520">
      <subfield code="a">Las organizaciones internacionales son un elemento central del orden mundial y de las principales dinámicas de poder en el escenario global. El entramado institucional y organizativo es reflejo de la evolución de la propia sociedad internacional del siglo XX y XXI, que ha aumentado en su carácter transnacional y globalizado, dando lugar a un incremento de los espacios de encuentro, negociación, debate y cooperación entre los Estados y otros agentes no estatales. No obstante, el ámbito de las relaciones internacionales se encuentra sumido en una etapa de profundas transformaciones, que presenta un panorama cada vez más incierto y convulso.</subfield>
   </datafield>
   <datafield ind1="8" ind2=" " tag="024">
      <subfield code="a">HERNÁNDEZ MARTÍNEZ, David. Poder internacional y crisis de las organizaciones internacionales. En Poder y orden mundial en el Siglo XXI: una visión desde las relaciones internacionales. JM Bosch Editor, 2024. p. 153-184.</subfield>
   </datafield>
   <datafield ind1="8" ind2=" " tag="024">
      <subfield code="a">978-84-10044-52-4</subfield>
   </datafield>
   <datafield ind1="8" ind2=" " tag="024">
      <subfield code="a">978-84-10044-53-1</subfield>
   </datafield>
   <datafield ind1="8" ind2=" " tag="024">
      <subfield code="a">https://hdl.handle.net/20.500.14352/114083</subfield>
   </datafield>
   <datafield ind1="8" ind2=" " tag="024">
      <subfield code="a">https://jmboscheditor.com/libro/56144/Poder-y-Orden-mundial-en-el-Siglo-XXI</subfield>
   </datafield>
   <datafield ind2="0" ind1="0" tag="245">
      <subfield code="a">Poder internacional y crisis de las organizaciones internacionales.</subfield>
   </datafield>
</record></metadata></record></GetRecord></OAI-PMH>